| 000 | 00687nam a22002057a 4500 | ||
|---|---|---|---|
| 005 | 20250115115355.0 | ||
| 010 | _aENG-131443 ENG-143420 | ||
| 020 |
_a9789383445608 _c580.00 |
||
| 035 | _aEN-114975 | ||
| 035 | _aEN-126952 | ||
| 037 | _bDBAD | ||
| 082 | _a958.1046 | ||
| 245 |
_aRecent Developments In Afghanistan: _bIcwa Reflections/ _cEdited by Nivedita Ray, Anwesha Ghosh |
||
| 260 |
_aNew Delhi _bKW Publishers Pvt. Ltd _c2022 |
||
| 270 |
_a4676/21, First Floor, Ansari Road, Daryaganj _bNew Delhi _e110002 |
||
| 300 |
_axiii, 122p. _bIndex _c25cm(hbk) |
||
| 700 |
_aRay, Nivedita _976607 |
||
| 700 |
_aGhosh, Anwesha _976608 |
||
| 942 |
_2ddc _cEN _h958.1046 _mREC |
||
| 999 |
_c185655 _d185655 |
||